[Event "NAYCC U10"]
[Site "Toronto CAN"]
[Date "2013.08.14"]
[Round "1"]
[White "Rodrigue-Lemieux, Shawn"]
[Black "Wang, Andrew"]
[Result "1-0"]
[WhiteElo "1560"]
[BlackElo "1745"]
[PlyCount "69"]
[EventDate "2013.08.14"]
[EventType "swiss"]
[EventRounds "9"]
[EventCountry "CAN"]

1. e4 e5 2. f4 exf4 3. Nf3 Nf6 4. e5 Nd5 5. c4 Nb6 6. d4 Bb4+ 7. Bd2 Bxd2+ 8.
Qxd2 g5 9. Nc3 g4 10. Ng1 Qh4+ 11. Kd1 c6 12. Ne4 d5 13. Nd6+ Ke7 14. c5 N6d7
15. Nf5+ Kf8 16. Nxh4 g3 17. hxg3 fxg3 18. Qh6+ Ke7 19. Nf5+ Kd8 20. Qg5+ f6
21. exf6 Rf8 22. f7+ Kc7 23. Qxg3+ Kd8 24. Nd6 Nf6 25. Qg5 Bg4+ 26. Kc1 Nbd7
27. Nf3 Kc7 28. Ne5 Nxe5 29. dxe5 Ne4 30. Nxe4 dxe4 31. Qe7+ Bd7 32. Qd6+ Kd8
33. Qxf8+ Kc7 34. Qd6+ Kd8 35. f8=R# 1-0

[Event "NAYCC U10"]
[Site "Toronto CAN"]
[Date "2013.08.15"]
[Round "2"]
[White "Rodrigue-Lemieux, Shawn"]
[Black "Baradaran, Arman"]
[Result "1/2-1/2"]
[WhiteElo "1560"]
[BlackElo "1832"]
[PlyCount "110"]
[EventDate "2013.08.14"]
[EventType "swiss"]
[EventRounds "9"]
[EventCountry "CAN"]

1. e4 d5 2. exd5 Qxd5 3. Nc3 Qd6 4. Nf3 Nf6 5. d4 c6 6. g3 Bf5 7. Bf4 Qd8 8.
Bg2 e6 9. O-O Bd6 10. Ne2 O-O 11. c4 Bxf4 12. Nxf4 Be4 13. Ng5 Bxg2 14. Kxg2
Qa5 15. Nf3 Na6 16. a3 Qd8 17. b4 Nc7 18. Qc2 Qd7 19. Rad1 Rad8 20. Rfe1 Rfe8
21. Nd3 b6 22. Nde5 Qd6 23. Ng5 Rf8 24. Ne4 Nxe4 25. Qxe4 f6 26. Nxc6 f5 27.
Qf3 Ra8 28. Ne5 b5 29. c5 Qd5 30. Qxd5 exd5 31. Nc6 Rae8 32. Re7 Rxe7 33. Nxe7+
Kh8 34. Re1 g6 35. Nc6 Re8 36. Rxe8+ Nxe8 37. Nxa7 Nc7 38. Kf3 Kg7 39. Ke3 Kf6
40. Nc6 Kg5 41. Ne5 h5 42. h4+ Kf6 43. Kd3 Kg7 44. Kc3 Kf6 45. Nf3 f4 46. Kb3
Kf5 47. Ne5 g5 48. a4 gxh4 49. gxh4 Ke4 50. axb5 Nxb5 51. Nc6 Kf3 52. Ka4 Nc3+
53. Kb3 Nb5 54. Ka4 Nc3+ 55. Kb3 Nb5 1/2-1/2

[Event "NAYCC U10"]
[Site "Toronto CAN"]
[Date "2013.08.15"]
[Round "3"]
[White "Hua, Eugene"]
[Black "Rodrigue-Lemieux, Shawn"]
[Result "1-0"]
[WhiteElo "1775"]
[BlackElo "1560"]
[PlyCount "127"]
[EventDate "2013.08.14"]
[EventType "swiss"]
[EventRounds "9"]
[EventCountry "CAN"]

1. e4 c5 2. c3 d5 3. exd5 Qxd5 4. d4 cxd4 5. cxd4 Nc6 6. Nf3 Bf5 7. Nc3 Qd6 8.
Bc4 Rc8 9. O-O Nf6 10. Re1 a6 11. Qb3 e6 12. Qxb7 Rb8 13. Qxa6 Nd7 14. d5 Nb4
15. Qxd6 Bxd6 16. Bb3 Nc5 17. Nd4 O-O 18. Nxf5 exf5 19. Re2 Nxb3 20. axb3 Nd3
21. Be3 Rxb3 22. g3 Rxb2 23. Rxb2 Nxb2 24. Ra6 Be5 25. Nb5 Rb8 26. Na3 Nd3 27.
Nc4 f6 28. d6 Rd8 29. Bb6 Rd7 30. Ra8+ Kf7 31. Bc7 Nc5 32. Nb6 Rxd6 33. Bxd6
Bxd6 34. Ra7+ Kg6 35. Nc4 Be5 36. Ra5 Bd4 37. Kg2 Kh5 38. Ne3 Bxe3 39. fxe3 Nd3
40. Rxf5+ Kg4 41. Rd5 Ne5 42. Ra5 Kf5 43. Ra7 Kg6 44. h3 h5 45. Kf2 Kh6 46. e4
g6 47. Ke3 Kg5 48. Ra5 h4 49. g4 Kh6 50. Rb5 Kg5 51. Rc5 Kh6 52. Kd4 Nf3+ 53.
Kd5 Ng5 54. Rc3 Kg7 55. e5 f5 56. gxf5 gxf5 57. Rc4 Ne4 58. Kc6 Kf7 59. Kd7 Kf8
60. Ke6 Ng3 61. Rxh4 Kg7 62. Ra4 Kg6 63. Kd7 Ne4 64. Rxe4 1-0

[Event "NAYCC U10"]
[Site "Toronto CAN"]
[Date "2013.08.16"]
[Round "4"]
[White "Hawthorn, Charles"]
[Black "Rodrigue-Lemieux, Shawn"]
[Result "1-0"]
[WhiteElo "1862"]
[BlackElo "1560"]
[PlyCount "107"]
[EventDate "2013.08.14"]
[EventType "swiss"]
[EventRounds "9"]
[EventCountry "CAN"]

1. d4 d5 2. c4 e5 3. dxe5 d4 4. Nf3 Nc6 5. g3 Be6 6. Nbd2 Qd7 7. Bg2 Bh3 8. O-O
h5 9. Qb3 O-O-O 10. Ne4 Be7 11. Bg5 Bxg2 12. Kxg2 f6 13. exf6 gxf6 14. Bf4 f5
15. Neg5 Bf6 16. c5 Re8 17. Rfe1 Nh6 18. Rad1 Ne5 19. Bxe5 Bxe5 20. Nxe5 Rxe5
21. Nf3 Rd5 22. Qc4 Rd8 23. Rd3 f4 24. Red1 Nf5 25. Ra3 Kb8 26. Rad3 fxg3 27.
hxg3 Qg7 28. e4 h4 29. exf5 hxg3 30. fxg3 Qe7 31. Re1 Qxc5 32. Qxc5 Rxc5 33.
Rxd4 Rf8 34. g4 Rc2+ 35. Rd2 Rc4 36. Ne5 Rxg4+ 37. Nxg4 Rg8 38. Kf3 Rf8 39. Kf4
c6 40. f6 Kc7 41. Kf5 Kb6 42. Ne5 Kb5 43. f7 c5 44. Kf6 a6 45. Rc1 b6 46. Nd7
Rxf7+ 47. Kxf7 a5 48. Nxb6 Kb4 49. a3+ Kb3 50. Rc3+ Ka2 51. b4+ Kb1 52. Rg3 Kc1
53. Rh2 c4 54. Rg1# 1-0

[Event "NAYCC U10"]
[Site "Toronto CAN"]
[Date "2013.08.16"]
[Round "5"]
[White "Rodrigue-Lemieux, Shawn"]
[Black "Atanasov, Dimitar"]
[Result "1-0"]
[WhiteElo "1560"]
[BlackElo "916"]
[PlyCount "53"]
[EventDate "2013.08.14"]
[EventType "swiss"]
[EventRounds "9"]
[EventCountry "CAN"]

1. e4 e6 2. d4 d5 3. Nc3 Nf6 4. e5 Nfd7 5. Nf3 c5 6. Bg5 Qb6 7. Rb1 cxd4 8.
Nxd4 Nxe5 9. Bf4 Ng6 10. Bxb8 Rxb8 11. Bb5+ Bd7 12. Bxd7+ Kxd7 13. O-O Be7 14.
Nb3 Rhd8 15. Qh5 Bf6 16. Rfe1 h6 17. h3 Rbc8 18. Na4 Qc7 19. Nac5+ Ke7 20. Nxe6
fxe6 21. Qxg6 Qxc2 22. Qg4 Rd6 23. Rbc1 Qxc1 24. Rxc1 Rxc1+ 25. Nxc1 Bxb2 26.
Nd3 Bf6 27. Qb4 1-0

[Event "NAYCC U10"]
[Site "Toronto CAN"]
[Date "2013.08.17"]
[Round "7"]
[White "Rodrigue-Lemieux, Shawn"]
[Black "Low, Ethan"]
[Result "1-0"]
[WhiteElo "1560"]
[BlackElo "1397"]
[PlyCount "88"]
[EventDate "2013.08.14"]
[EventType "swiss"]
[EventRounds "9"]
[EventCountry "CAN"]

1. e4 d6 2. d4 Nf6 3. Nc3 Nbd7 4. f4 e5 5. fxe5 dxe5 6. Nf3 exd4 7. Nxd4 Bb4 8.
Bg5 c6 9. Nb3 Qc7 10. Bd3 b5 11. O-O O-O 12. Kh1 Re8 13. Nd4 Bxc3 14. bxc3 Nxe4
15. Bxe4 Rxe4 16. Qf3 Nc5 17. Bf4 Rxf4 18. Qxf4 Qxf4 19. Rxf4 Ne6 20. Rf2 Nxd4
21. cxd4 Be6 22. a3 Rd8 23. c3 a5 24. Re1 h6 25. h3 b4 26. axb4 axb4 27. cxb4
Rxd4 28. Rb2 Rd5 29. Rc1 Rd6 30. Kh2 Bd5 31. Rd1 Rd8 32. Kg3 g5 33. b5 Rb8 34.
b6 f5 35. Ra1 c5 36. Ra5 f4+ 37. Kf2 Kf7 38. Rxc5 Bb7 39. Rc7+ Kg6 40. Rd2 Kf5
41. Rdd7 Bc8 42. Rd8 Rxb6 43. Rdxc8 Rb2+ 44. Rc2 Rb3 1-0

[Event "NAYCC U10"]
[Site "Toronto CAN"]
[Date "2013.08.18"]
[Round "8"]
[White "Zhang, Jason"]
[Black "Rodrigue-Lemieux, Shawn"]
[Result "0-1"]
[WhiteElo "1605"]
[BlackElo "1560"]
[PlyCount "94"]
[EventDate "2013.08.14"]
[EventType "swiss"]
[EventRounds "9"]
[EventCountry "CAN"]

1. e4 c5 2. Nf3 d6 3. d4 cxd4 4. Nxd4 Nf6 5. Nc3 g6 6. f3 Bg7 7. Be3 O-O 8. Qd2
Nc6 9. Bc4 Bd7 10. O-O-O Rc8 11. Bb3 Ne5 12. g4 Nc4 13. Bxc4 Rxc4 14. h4 Qa5
15. Kb1 Rfc8 16. Nb3 Qc7 17. Rc1 b5 18. g5 b4 19. Ne2 Nh5 20. Nf4 Nxf4 21. Bxf4
a5 22. h5 a4 23. Na1 a3 24. b3 Rd4 25. Qe1 Qc3 26. Qxc3 Rxc3 27. hxg6 hxg6 28.
Rhf1 Kf8 29. Rce1 Bb5 30. Rf2 Ke8 31. Bd2 Rxd2 32. Rxd2 Rxf3 33. Rd5 Bc3 34.
Rh1 Bc6 35. Rdd1 Bxe4 36. Rh4 Bf5 37. Kc1 Bxa1 38. Rxb4 Bb2+ 39. Kb1 Rg3 40.
Rb8+ Kd7 41. Rb7+ Kd8 42. Rb8+ Kc7 43. Re8 Kd7 44. Rf8 Rg2 45. Rc1 Bxc2+ 46.
Rxc2 Rg1+ 47. Rc1 Rxc1# 0-1

[Event "NAYCC U10"]
[Site "Toronto CAN"]
[Date "2013.08.18"]
[Round "9"]
[White "Rodrigue-Lemieux, Shawn"]
[Black "Ming, Wenyang"]
[Result "0-1"]
[WhiteElo "1560"]
[BlackElo "1815"]
[PlyCount "94"]
[EventDate "2013.08.14"]
[EventType "swiss"]
[EventRounds "9"]
[EventCountry "CAN"]

1. e4 c5 2. Nf3 d6 3. d4 cxd4 4. Qxd4 a6 5. Be3 Nc6 6. Qd2 Nf6 7. Nc3 g6 8.
O-O-O Bg7 9. e5 dxe5 10. Qxd8+ Nxd8 11. Nxe5 Be6 12. Nd3 Ng4 13. Nc5 Nxe3 14.
fxe3 Bxc3 15. bxc3 Rc8 16. Nxe6 Nxe6 17. Kb2 Rc7 18. Be2 O-O 19. Bg4 Nc5 20. c4
Na4+ 21. Ka3 Nb6 22. Rhe1 Rxc4 23. Bf3 Rc3+ 24. Kb2 Na4+ 25. Kb1 Rc7 26. Rd4
Nc3+ 27. Kb2 e5 28. Rb4 Nb5 29. a4 Na7 30. Ka2 Rxc2+ 31. Kb1 Rc7 32. Rc1 Rxc1+
33. Kxc1 Rc8+ 34. Kd2 b5 35. axb5 axb5 36. Bd5 Rc5 37. e4 Nc8 38. Rb1 Nb6 39.
Ba2 Kg7 40. Rf1 f6 41. g4 Nc4+ 42. Kd3 h6 43. h4 Nb2+ 44. Kd2 Nc4+ 45. Kd3 Nd6
46. h5 b4 47. hxg6 Rc3+ 0-1

[Event "CYCC U10"]
[Site "Ottawa CAN"]
[Date "2013.07.10"]
[Round "2"]
[White "Rodrigue-Lemieux, Shawn"]
[Black "Demers, Alexis"]
[Result "1-0"]
[WhiteElo "1560"]
[BlackElo "1094"]
[PlyCount "91"]
[EventDate "2013.07.10"]
[EventType "swiss"]
[EventRounds "6"]
[EventCountry "CAN"]

1. e4 c5 2. Nf3 d6 3. d4 cxd4 4. Qxd4 Nc6 5. Bb5 Bd7 6. Bxc6 Bxc6 7. Nc3 Qb6 8.
Qxb6 axb6 9. Be3 Nf6 10. Nd2 b5 11. f3 g6 12. Nb3 e5 13. O-O d5 14. Bg5 b4 15.
Bxf6 Rg8 16. Nxd5 Bxd5 17. exd5 Bd6 18. Rfe1 Rc8 19. Bxe5 Bxe5 20. Rxe5+ Kd7
21. Rc1 Rc4 22. Re4 Rc7 23. Rxb4 Rgc8 24. c3 Re8 25. Re4 Rxe4 26. fxe4 Rc4 27.
Rd1 b6 28. Rd4 Rxd4 29. Nxd4 Kd6 30. Kf2 Ke5 31. Ke3 h5 32. h4 f6 33. b4 g5 34.
Nf3+ Kd6 35. hxg5 fxg5 36. Nxg5 h4 37. Nf3 b5 38. Nxh4 Ke5 39. g4 Kd6 40. g5
Ke7 41. Nf5+ Kf7 42. d6 Kg6 43. Kf4 Kh5 44. d7 Kg6 45. d8=Q Kh5 46. Qe8# 1-0

[Event "CYCC U10"]
[Site "Ottawa CAN"]
[Date "2013.07.11"]
[Round "3"]
[White "Ming, Wenyang"]
[Black "Rodrigue-Lemieux, Shawn"]
[Result "1/2-1/2"]
[WhiteElo "1851"]
[BlackElo "1560"]
[PlyCount "35"]
[EventDate "2013.07.10"]
[EventType "swiss"]
[EventRounds "6"]
[EventCountry "CAN"]

1. e4 c5 2. Nf3 d6 3. Bd3 Nf6 4. c3 g6 5. Bc2 Bg7 6. d4 cxd4 7. cxd4 O-O 8. Nc3
Nc6 9. O-O Bg4 10. Be3 Nd7 11. Bb3 Bxf3 12. gxf3 Kh8 13. d5 Na5 14. Bd4 Nxb3
15. Bxg7+ Kxg7 16. Qxb3 Qb6 17. Qa4 Ne5 18. Kg2 1/2-1/2

[Event "CYCC U10"]
[Site "Ottawa CAN"]
[Date "2013.07.11"]
[Round "4"]
[White "Rodrigue-Lemieux, Shawn"]
[Black "Talukdar, Rohan"]
[Result "1/2-1/2"]
[WhiteElo "1560"]
[BlackElo "1532"]
[PlyCount "56"]
[EventDate "2013.07.10"]
[EventType "swiss"]
[EventRounds "6"]
[EventCountry "CAN"]

1. e4 e6 2. d4 d5 3. Nc3 Nf6 4. e5 Nfd7 5. Nf3 c5 6. Bb5 a6 7. Bxd7+ Bxd7 8.
O-O Nc6 9. Re1 Qc7 10. Bf4 Be7 11. Bg3 O-O 12. Nxd5 exd5 13. e6 Qc8 14. exd7
Qxd7 15. dxc5 Bxc5 16. Ne5 Nxe5 17. Rxe5 Rfd8 18. c4 Be7 19. Rxd5 Qc6 20. Rxd8+
Rxd8 21. Qe2 Bf6 22. Re1 h6 23. b3 Bg5 24. h4 Bf6 25. Rd1 Re8 26. Qh5 Qe6 27.
Qf3 b5 28. Kh2 bxc4 1/2-1/2

[Event "CYCC U10"]
[Site "Ottawa CAN"]
[Date "2013.07.12"]
[Round "5"]
[White "Zhang, Henry"]
[Black "Rodrigue-Lemieux, Shawn"]
[Result "0-1"]
[WhiteElo "1289"]
[BlackElo "1560"]
[PlyCount "136"]
[EventDate "2013.07.10"]
[EventType "swiss"]
[EventRounds "6"]
[EventCountry "CAN"]

1. e4 c5 2. Nf3 d6 3. d4 cxd4 4. Nxd4 Nf6 5. Nc3 g6 6. Be3 Bg7 7. f3 O-O 8. Qd2
Bd7 9. O-O-O a6 10. Bh6 Nc6 11. Bxg7 Kxg7 12. g4 b5 13. a3 b4 14. Nxc6 Bxc6 15.
axb4 Bb5 16. Qd4 Bxf1 17. Rhxf1 Kg8 18. h4 Ne8 19. e5 Rc8 20. h5 Qc7 21. exd6
Nxd6 22. h6 f6 23. Qd5+ Kh8 24. Qe6 Rce8 25. Rg1 Qb7 26. Nd5 Nf7 27. Nxf6 Nd8
28. Rxd8 Rxd8 29. Ne4 Qc7 30. Qxa6 Qf4+ 31. Kb1 Qxf3 32. Nc3 Qf4 33. g5 Qxb4
34. Qe6 Qc5 35. Qg4 Rb8 36. Qg3 Rfc8 37. Kc1 Ra8 38. Kb1 Qa5 39. Kc1 Qf5 40.
Kb1 Rf8 41. Qe3 e5 42. Ne4 Qf1+ 43. Rxf1 Rxf1+ 44. Qc1 Ra1+ 45. Kxa1 Rxc1+ 46.
Ka2 Rxc2 47. Nf6 Rg2 48. Ne4 Rg4 49. Nd6 Kg8 50. Kb1 Rxg5 51. b4 Kf8 52. b5 Ke7
53. Ne4 Rg4 54. Nc5 Rb4+ 55. Kc2 Rc4+ 56. Kd3 Rxc5 57. Ke4 Rxb5 58. Ke3 Rb4 59.
Kd3 Rf4 60. Ke3 g5 61. Ke2 g4 62. Kd2 g3 63. Ke2 g2 64. Kd2 g1=Q 65. Kc2 Qg2+
66. Kc3 Qg3+ 67. Kd2 Rf2+ 68. Ke1 Qg1# 0-1

[Event "CYCC U10"]
[Site "Ottawa CAN"]
[Date "2013.07.12"]
[Round "6"]
[White "Rodrigue-Lemieux, Shawn"]
[Black "Ju, Lawrence"]
[Result "1-0"]
[WhiteElo "1560"]
[BlackElo "1426"]
[PlyCount "67"]
[EventDate "2013.07.10"]
[EventType "swiss"]
[EventRounds "6"]
[EventCountry "CAN"]

1. e4 c5 2. Nf3 Nc6 3. Bb5 a6 4. Bxc6 bxc6 5. O-O d5 6. e5 Bg4 7. h3 Bh5 8. Nc3
e6 9. b3 Qc7 10. Re1 Qd7 11. Ba3 f6 12. exf6 Nxf6 13. Qe2 Bf7 14. Ne5 Qc8 15.
Nxf7 Kxf7 16. Na4 Ne4 17. d3 Nf6 18. Nb6 Qb7 19. Qxe6+ Kg6 20. Nxa8 Qxa8 21.
Bb2 d4 22. g4 h5 23. Qf5+ Kf7 24. g5 Be7 25. Qe6+ Kg6 26. Qxe7 Kxg5 27. Qxg7+
Kf5 28. Re3 Qg8 29. Rf3+ Ke5 30. Re1+ Kd5 31. Rf5+ Kd6 32. Rxf6+ Kd5 33. Qxg8+
Rxg8+ 34. Kh2 1-0

[Event "Gatineau op U1900"]
[Site "Gatineau CAN"]
[Date "2013.03.02"]
[Round "2"]
[White "Rodrigue-Lemieux, Shawn"]
[Black "Bigras, Jean"]
[Result "0-1"]
[WhiteElo "1131"]
[BlackElo "1724"]
[PlyCount "82"]
[EventDate "2013.03.01"]
[EventType "swiss"]
[EventRounds "5"]
[EventCountry "CAN"]

1. e4 c5 2. Nf3 a6 3. Nc3 b5 4. d4 b4 5. Na4 cxd4 6. Nxd4 Bb7 7. Bd3 Qa5 8. b3
Nc6 9. Nf3 Ne5 10. Nxe5 Qxe5 11. Bb2 Qc7 12. O-O e6 13. Rc1 Bc6 14. c3 Bxa4 15.
bxa4 bxc3 16. Bxc3 Qa7 17. Ba5 Bc5 18. e5 Ne7 19. Be4 Rc8 20. Rb1 Nc6 21. Bxc6
Rxc6 22. Qb3 O-O 23. Qg3 d5 24. Bd2 Rfc8 25. h4 Bf8 26. h5 Rc4 27. h6 Qd4 28.
Be3 Qg4 29. Qxg4 Rxg4 30. hxg7 Bxg7 31. f4 Bf8 32. Rb6 a5 33. Kh2 Rc2 34. Rg1
Kg7 35. Kh3 Rg6 36. Bd4 Rxa2 37. f5 Rh6+ 38. Kg3 Rxa4 39. Ba1 Bc5 40. f6+ Kg6
41. Rb8 Bxg1 0-1

[Event "Gatineau op U1900"]
[Site "Gatineau CAN"]
[Date "2013.03.02"]
[Round "3"]
[White "Abrams, Paul"]
[Black "Rodrigue-Lemieux, Shawn"]
[Result "1-0"]
[WhiteElo "1434"]
[BlackElo "1131"]
[PlyCount "119"]
[EventDate "2013.03.01"]
[EventType "swiss"]
[EventRounds "5"]
[EventCountry "CAN"]

1. e4 c5 2. Nf3 d6 3. d4 cxd4 4. Qxd4 Bd7 5. Bg5 Nc6 6. Qd2 Qc7 7. Nc3 e6 8.
Nb5 Qb8 9. O-O-O h6 10. Bf4 e5 11. Nxe5 Nf6 12. Nxd7 Nxd7 13. Bxd6 Bxd6 14.
Nxd6+ Ke7 15. Nf5+ Kf8 16. Qxd7 Qf4+ 17. Kb1 Qxe4 18. Nd6 Qe7 19. Qxe7+ Kxe7
20. Bc4 Ne5 21. Rhe1 Kf6 22. Rxe5 Kxe5 23. Nxf7+ Kf4 24. Nxh8 Rxh8 25. Rd7 Re8
26. c3 Re1+ 27. Kc2 Rh1 28. h3 g5 29. Rf7+ Ke5 30. Rxb7 Rg1 31. g4 Rg2 32. Rf7
Rh2 33. Rf3 Ke4 34. Re3+ Kf4 35. Rd3 Rxf2+ 36. Rd2 Rf3 37. Rd4+ Ke5 38. Rd3
Rf2+ 39. Kb3 Ke4 40. Rd6 a5 41. Re6+ Kf4 42. Rf6+ Kg3 43. Rxf2 Kxf2 44. Ka4 Kg2
45. Kxa5 Kxh3 46. Be6 Kg3 47. c4 Kf4 48. c5 Ke5 49. Bd7 Kd5 50. c6 Kd6 51. Kb6
Ke7 52. Kb7 Kd8 53. Bf5 Ke7 54. c7 Kd6 55. c8=Q h5 56. Qe6+ Kc5 57. gxh5 g4 58.
Qe5+ Kb4 59. Bd3 g3 60. Qb5# 1-0

[Event "Gatineau op U1900"]
[Site "Gatineau CAN"]
[Date "2013.03.03"]
[Round "5"]
[White "Ptitsyn, Ihor"]
[Black "Rodrigue-Lemieux, Shawn"]
[Result "0-1"]
[WhiteElo "1360"]
[BlackElo "1131"]
[PlyCount "43"]
[EventDate "2013.03.01"]
[EventType "swiss"]
[EventRounds "5"]
[EventCountry "CAN"]

1. e3 d5 2. b3 c5 3. Bb2 Nc6 4. Bb5 Bf5 5. f4 e6 6. Nf3 Nf6 7. Ne5 Rc8 8. h3
Ne4 9. h4 Be7 10. Bxc6+ bxc6 11. Qh5 O-O 12. Qf3 Bxh4+ 13. Kd1 Nf2+ 14. Kc1
Nxh1 15. g4 Be4 16. Qh3 Nf2 17. Qf1 f6 18. Nd3 Bxd3 19. cxd3 Nxg4 20. Qh3 f5
21. Nc3 c4 22. Kc2 0-1

[Event "Wch-U20"]
[Site "Gujarat IND"]
[Date "2024.06.02"]
[Round "1.8"]
[White "Safarov, Deniel"]
[Black "Rodrigue-Lemieux, Shawn"]
[Result "1/2-1/2"]
[WhiteElo "2059"]
[BlackElo "2510"]
[PlyCount "99"]
[EventDate "2024.06.02"]
[EventType "swiss"]
[EventRounds "11"]
[EventCountry "IND"]

1. e4 c6 2. d4 d5 3. Nd2 dxe4 4. Nxe4 Nf6 5. Nxf6+ exf6 6. c3 Bd6 7. Bd3 O-O 8.
Qc2 Re8+ 9. Ne2 h5 10. Be3 Nd7 11. O-O-O Nf8 12. c4 Be6 13. Kb1 Rc8 14. a3 b5
15. c5 Bb8 16. Nc3 Bd5 17. Bf5 Rc7 18. Bf4 Rb7 19. Bxb8 Rxb8 20. Nxd5 Qxd5 21.
f3 Rbd8 22. Be4 Qe6 23. Bf5 Qd5 24. Be4 Qe6 25. Bf5 Qe7 26. Be4 Qc7 27. d5 cxd5
28. Rxd5 Rxd5 29. Bxd5 Nd7 30. Rd1 Nxc5 31. Rc1 Rc8 32. Qf5 Qb8 33. Rc2 Ne6 34.
Bxe6 Rxc2 35. Bxf7+ Kxf7 36. Qxh5+ Ke7 37. Kxc2 Qc7+ 38. Kd1 Qc4 39. Qg6 Qd4+
40. Ke1 Qe3+ 41. Kd1 Qd4+ 42. Kc1 Qc4+ 43. Kb1 Qf1+ 44. Ka2 Qc4+ 45. b3 Qe2+
46. Kb1 Qd1+ 47. Kb2 Qd4+ 48. Kc2 Qc5+ 49. Kd3 Kf8 50. Qe4 1/2-1/2

[Event "Wch-U20"]
[Site "Gujarat IND"]
[Date "2024.06.03"]
[Round "2.26"]
[White "Rodrigue-Lemieux, Shawn"]
[Black "Dhami, Dipak"]
[Result "1-0"]
[WhiteElo "2510"]
[BlackElo "1702"]
[PlyCount "75"]
[EventDate "2024.06.02"]
[EventType "swiss"]
[EventRounds "11"]
[EventCountry "IND"]

1. d4 Nf6 2. c4 e6 3. Nf3 d5 4. g3 Be7 5. Bg2 O-O 6. O-O b6 7. Qc2 Bb7 8. Bg5
Nbd7 9. Nc3 c5 10. dxc5 bxc5 11. cxd5 Nxd5 12. Bxe7 Qxe7 13. Rac1 Nxc3 14. Qxc3
Rfc8 15. Qa3 Nb6 16. Rfd1 h6 17. Rd3 Nd5 18. Rcd1 Qc7 19. Rc1 c4 20. Rd2 Nb6
21. Qe3 a5 22. Rd4 Nd5 23. Qd2 Qc5 24. Ne5 c3 25. bxc3 Ra7 26. Rc4 Qd6 27. Qd4
Rxc4 28. Nxc4 Qa6 29. Rb1 Ra8 30. e4 Rc8 31. Bf1 Nxc3 32. Qxc3 Bxe4 33. Re1 Bd5
34. Qxa5 Qxa5 35. Nxa5 Ra8 36. Nc4 Rxa2 37. Ne3 Bf3 38. Bg2 1-0

[Event "Wch-U20"]
[Site "Gujarat IND"]
[Date "2024.06.04"]
[Round "3.10"]
[White "Ayush, Sharma"]
[Black "Rodrigue-Lemieux, Shawn"]
[Result "1-0"]
[WhiteElo "2325"]
[BlackElo "2510"]
[PlyCount "61"]
[EventDate "2024.06.02"]
[EventType "swiss"]
[EventRounds "11"]
[EventCountry "IND"]

1. e4 c6 2. d4 d5 3. e5 c5 4. dxc5 e6 5. a3 Bxc5 6. b4 Be7 7. Qg4 g6 8. Nf3 h5
9. Qf4 a5 10. bxa5 Nc6 11. Nc3 Nh6 12. Bd3 Nf5 13. O-O Nxa5 14. Nb5 Bd7 15. Rb1
Nc4 16. Bxc4 Ra4 17. Rb4 Bxb4 18. Bd3 Qb6 19. Be3 Nxe3 20. fxe3 Bxb5 21. Nd4
Bxd3 22. Qxf7+ Kd8 23. Qf6+ Kc7 24. cxd3 Bd2 25. Nxe6+ Kb8 26. Qxh8+ Ka7 27.
Qc8 Qxe3+ 28. Kh1 Rxa3 29. Nc5 Kb6 30. Rb1+ Bb4 31. Qxb7+ 1-0

[Event "Wch-U20"]
[Site "Gujarat IND"]
[Date "2024.06.05"]
[Round "4.28"]
[White "Rodrigue-Lemieux, Shawn"]
[Black "Mukund, Hemant Agarwal"]
[Result "1/2-1/2"]
[WhiteElo "2510"]
[BlackElo "2196"]
[PlyCount "50"]
[EventDate "2024.06.02"]
[EventType "swiss"]
[EventRounds "11"]
[EventCountry "IND"]

1. d4 Nf6 2. c4 e6 3. g3 d5 4. Bg2 dxc4 5. Nf3 a6 6. O-O Nc6 7. e3 Rb8 8. Nfd2
e5 9. Bxc6+ bxc6 10. dxe5 Ng4 11. Nxc4 Be6 12. Qe2 h5 13. f3 h4 14. fxg4 hxg3
15. hxg3 Qd5 16. Rf3 Qxc4 17. Qxc4 Bxc4 18. Nc3 Bb4 19. Bd2 Bxc3 20. Bxc3 Bd5
21. e4 Bxe4 22. Rff1 Bd5 23. a3 Ke7 24. Rae1 Ke6 25. Kf2 Rb3 1/2-1/2

[Event "Wch-U20"]
[Site "Gujarat IND"]
[Date "2024.06.06"]
[Round "5.24"]
[White "Daksh, Goyal"]
[Black "Rodrigue-Lemieux, Shawn"]
[Result "0-1"]
[WhiteElo "1948"]
[BlackElo "2510"]
[PlyCount "148"]
[EventDate "2024.06.02"]
[EventType "swiss"]
[EventRounds "11"]
[EventCountry "IND"]

1. e4 e5 2. Nf3 Nc6 3. Bc4 Nf6 4. d3 h6 5. c3 d6 6. a4 g6 7. b4 Bg7 8. Ba2 O-O
9. O-O Qe8 10. Nbd2 a6 11. Re1 Be6 12. Nf1 d5 13. Ng3 dxe4 14. dxe4 Bxa2 15.
Rxa2 Qe6 16. Qe2 Na7 17. Rc2 Rfd8 18. b5 Nc8 19. Be3 axb5 20. axb5 Ra3 21. Bc5
Ra4 22. Rd2 Rxd2 23. Qxd2 Nd7 24. Bb4 Ncb6 25. Rd1 Qc4 26. Qe2 Qxe2 27. Nxe2 c6
28. bxc6 bxc6 29. Bd6 Rxe4 30. Kf1 Nd5 31. Bb4 Nxb4 32. Rxd7 Nd5 33. Rd6 Rc4
34. Nd2 Ra4 35. Nb3 Ra3 36. Nbc1 Ra1 37. c4 Nc3 38. Nxc3 Rxc1+ 39. Nd1 Bf8 40.
Rd8 Kg7 41. Ke2 Rxc4 42. Ne3 Rc5 43. g4 Be7 44. Re8 Bg5 45. Nf1 Bf4 46. h4 Rc1
47. Ne3 Bxe3 48. fxe3 Rh1 49. Rxe5 Rxh4 50. Kf3 h5 51. g5 Rb4 52. Rc5 Rb5 53.
Rxc6 Rf5+ 54. Kg3 Rxg5+ 55. Kf2 h4 56. Rc4 h3 57. Rh4 Rh5 58. Rxh5 gxh5 59. Kg3
Kg6 60. Kxh3 Kg5 61. Kh2 Kg4 62. Kg2 h4 63. e4 Kf4 64. e5 Kxe5 65. Kf3 Kf5 66.
Kf2 Kg4 67. Kg2 f5 68. Kf2 h3 69. Kg1 f4 70. Kh2 Kh4 71. Kh1 f3 72. Kg1 Kg4 73.
Kh1 f2 74. Kh2 Kh4 0-1

[Event "Wch-U20"]
[Site "Gujarat IND"]
[Date "2024.06.07"]
[Round "6.18"]
[White "Rodrigue-Lemieux, Shawn"]
[Black "Kalyani, Sirin"]
[Result "1-0"]
[WhiteElo "2510"]
[BlackElo "2163"]
[PlyCount "57"]
[EventDate "2024.06.02"]
[EventType "swiss"]
[EventRounds "11"]
[EventCountry "IND"]

1. e4 c5 2. Nf3 d6 3. Bb5+ Bd7 4. Bxd7+ Nxd7 5. O-O Ngf6 6. Qe2 e6 7. d4 cxd4
8. Nxd4 Be7 9. c4 Qa5 10. Rd1 a6 11. b3 O-O 12. Bb2 Rac8 13. Nc3 Qg5 14. Rd2
Nh5 15. Rad1 Qg6 16. Kh1 Bg5 17. Rc2 Nf4 18. Qf1 Qh5 19. Bc1 Ne5 20. g3 Nf3 21.
Nxf3 Qxf3+ 22. Kg1 Qg4 23. f3 Nh3+ 24. Kg2 Qh5 25. Bxg5 Nxg5 26. h4 f5 27. hxg5
fxe4 28. f4 e5 29. Qe2 1-0

[Event "Wch-U20"]
[Site "Gujarat IND"]
[Date "2024.06.09"]
[Round "7.10"]
[White "Panda, Sambit"]
[Black "Rodrigue-Lemieux, Shawn"]
[Result "1-0"]
[WhiteElo "2363"]
[BlackElo "2510"]
[PlyCount "59"]
[EventDate "2024.06.02"]
[EventType "swiss"]
[EventRounds "11"]
[EventCountry "IND"]

1. d4 Nf6 2. c4 e6 3. Nc3 Bb4 4. e3 O-O 5. Bd3 d5 6. a3 Bxc3+ 7. bxc3 dxc4 8.
Bxc4 c5 9. Ne2 Qc7 10. Bd3 Rd8 11. O-O Nc6 12. f4 b6 13. Ng3 Bb7 14. Qe2 Ne7
15. e4 cxd4 16. cxd4 Nc6 17. d5 exd5 18. e5 Ne4 19. Nh5 Ne7 20. f5 Qc3 21. Bb2
Qd2 22. Qg4 Qe3+ 23. Kh1 Qg5 24. Qxg5 Nxg5 25. Rf4 Ne4 26. Raf1 Nc6 27. Rg4 g6
28. e6 Rf8 29. Bxe4 dxe4 30. Nf6+ 1-0

[Event "Wch-U20"]
[Site "Gujarat IND"]
[Date "2024.06.10"]
[Round "8.17"]
[White "Rodrigue-Lemieux, Shawn"]
[Black "Avinash, Ramesh"]
[Result "1-0"]
[WhiteElo "2510"]
[BlackElo "2252"]
[PlyCount "91"]
[EventDate "2024.06.02"]
[EventType "swiss"]
[EventRounds "11"]
[EventCountry "IND"]

1. Nf3 Nf6 2. c4 e6 3. g3 d5 4. Bg2 d4 5. O-O c5 6. e3 Nc6 7. exd4 cxd4 8. d3
Nd7 9. Re1 Be7 10. h4 e5 11. b3 O-O 12. Ba3 Bxa3 13. Nxa3 f6 14. Nd2 Nc5 15.
Ne4 Nxe4 16. Bxe4 Be6 17. Qd2 Qd6 18. Nb5 Qe7 19. c5 f5 20. Bxc6 bxc6 21. Nd6
Qf6 22. f4 Qg6 23. Rxe5 Qxg3+ 24. Qg2 Qxg2+ 25. Kxg2 Rf6 26. Rae1 Bd5+ 27. Kf2
Raf8 28. Re8 h5 29. Rxf8+ Rxf8 30. Re5 Rf6 31. Rxf5 Re6 32. Rxh5 Re3 33. Rxd5
cxd5 34. c6 Re7 35. Nb5 Re8 36. Nxa7 Re7 37. Nb5 Re6 38. Nxd4 Re7 39. b4 Kf8
40. b5 Ke8 41. b6 Kd8 42. c7+ Kd7 43. Nc6 Re6 44. c8=B+ Kxc8 45. b7+ Kxb7 46.
Nd8+ 1-0